Statistics for Country words that come before

Click here to take the quiz!

General Stats

  • This quiz has been taken 63 times
  • The average score is 14 of 27

Answer Stats

AnswerHint% Correct
RussianRoulette
94%
SpanishArmada
90%
ScottishHighlands
81%
ChineseCheckers
81%
SwissFamily Robinson
75%
GreekYoghurt
75%
EgyptianMummy
71%
TurkishDelight
69%
EnglishCountry garden
63%
DanishPastry
63%
ArabianNights
58%
IrishStew
54%
IndianSummer
54%
WelshRarebit
54%
DutchElm disease
54%
GermanShepherd
52%
MalteseFalcon
50%
PortugueseMan o' war
44%
ItalianJob
35%
MadagascanVanilla
33%
MexicanWave
31%
SwedishHouse Mafia
27%
JapaneseSpider crab
21%
AmericanExpress
21%
AustralianCrawl
19%
HungarianHorntail
10%
GuatemalanWorry dolls
6%

Score Distribution

Percentile by Number Answered

Percent of People with Each Score

Your Score History

You have not taken this quiz